000 00704nam a22002297a 4500
005 20240116160021.0
008 240116b |||||||| |||| 00| 0 eng d
020 _a8123755481
_cRs.175.00
040 _aLoreto college
041 _aEnglish
082 _a342.954
_bCHA
100 _aChaube,Shibani Kinkar
245 _aThe making and working of the Indian Constitution
_cShibani Kinkar Chaube
260 _aNew Delhi
_bNational Book Trust
_c2020
300 _aix,285p
_b22cm
504 _aIncludes bibliographical references and index
650 _aConstitution
_zIndia
650 _aConstitutional and administrative law
651 _aIndia
_vConstitutional law
850 _aLCLIB
942 _cBK
999 _c43596
_d94075